01583agaaa2200289 45000010005000000030009000050050017000140070009000310080040000400400023000800410013001031000054001161300068001702450185002382500022004232600101004453000034005465110053005805200196006335380009008295460013008386500067008517000066009189420012009849990019009969520278010150573IT-RoPAU20220918181306.0d cvaizq50131s9999||||xx ||| | || ||und|| aIT-RoPAUcIT-RoPAU aITALIANO aFinney EdwardgCodice regista SPICS: 38863954592 aPIETRO E PAOLO ATTI DEGLI APOSTOLI - (PRIMA PARTE 1.2.3)954593 aPIETRO E PAOLO ATTI DEGLI APOSTOLI - (PRIMA PARTE 1.2.3)cDiretto da: Finney EdwardpPIETRO E PAOLO ATTI DEGLI APOSTOLI - (PRIMA PARTE 1.2.3) (Rif. Codice opera principale : V0573) aEdizione Standard a(USA)bFAMILY FILM / Distribuzione: SPF FIRENZEg"1980 (1° ed.: 1993 ; Ed. Lingua Orig.: 1980)" a16MMbsonoro, col.c50 minuti a"Withmore Jonas; Southerland Katy; Wise Malcolm" aIL FILM ILLUSTRA LA VITA E L'ESPANSIONE MISSIONARIA DELLA CHIESA DELLE ORIGINI INTERPRETANDO FEDELMENTE IL TESTO DI LUCA. PARTICOLARE RISALTO E' DATOAGLI ASPETTI DOTTRINALI DEI TEMI TRATTATI. aMONO aITALIANO aRELIGIOSOePELLICOLE [16MM]xCodice MATERIA SPICS: 9956943912 aFinney Edward e(regista)gCodice regista SPICS: 38863954594 cMM2ddc c108119d108119 0010406V_0573_00000000000000071aSPICSbSPICSd2015-01-31l0oV0573r2015-01-31 00:00:00w2015-01-31yMMzProgr. Ins.: 905 / N.Vol.:3 / Copie: 1 / Pag.:0 / Copia rara: n.d. / date import: 1.2.2015 / By Epidotti, Trombetti, Vaglietti - CUSTODITA PRESSO FILMOTECA VATICANA